[Event "Karpos Open 2013"]
[Site "Skopje MKD"]
[Date "2013.03.09"]
[Round "1.1"]
[White "Cheparinov, Ivan"]
[Black "Ozkan, Ervin"]
[Result "1-0"]
[WhiteTitle "GM"]
[WhiteElo "2706"]
[BlackElo "2184"]
[WhiteFideId "2905540"]
[BlackFideId "6306004"]
[EventDate "2013.03.09"]

1. e4 c6 2. d4 d5 3. e5 Bf5 4. h4 h5 5. c4 e6 6. Nc3 Nd7 7. cxd5 cxd5 8. Bd3
Bxd3 9. Qxd3 Ne7 10. Nf3 Nb6 11. Bg5 Qd7 12. O-O a6 13. Rac1 Nf5 14. Ne2 Be7 15.
Ng3 g6 16. Nxf5 gxf5 17. Bxe7 Qxe7 18. Ng5 Kf8 19. Rc3 Rc8 20. Rfc1 Rc4 21. b3
Rxc3 22. Rxc3 Ke8 23. Qc2 Kd8 24. a4 Rf8 25. a5 Na8 26. Nh7 1-0

[Event "Karpos Open 2013"]
[Site "Skopje MKD"]
[Date "2013.03.09"]
[Round "1.2"]
[White "Cherednichenko, Elena"]
[Black "Berkes, Ferenc"]
[Result "0-1"]
[WhiteTitle "WFM"]
[BlackTitle "GM"]
[WhiteElo "2175"]
[BlackElo "2702"]
[WhiteFideId "14105560"]
[BlackFideId "718572"]
[EventDate "2013.03.09"]

1. d4 Nf6 2. Nf3 g6 3. Bf4 Bg7 4. e3 O-O 5. Be2 d6 6. h3 Nc6 7. O-O Nd7 8. Bh2
e5 9. c3 Kh8 10. b4 Qe7 11. Na3 f5 12. b5 Nd8 13. Qb3 Nf7 14. Nc2 Nf6 15. dxe5
dxe5 16. Qb4 Qxb4 17. Nxb4 a5 18. bxa6 c5 19. axb7 Bxb7 20. Nc2 Nd5 21. Nd2 Nxc3
22. Bc4 Nd6 23. Rfe1 Nce4 24. Nxe4 Bxe4 25. Bb3 c4 0-1

[Event "Karpos Open 2013"]
[Site "Skopje MKD"]
[Date "2013.03.09"]
[Round "1.5"]
[White "Iturrizaga, Eduardo"]
[Black "Gjorshev, Ljupcho"]
[Result "1-0"]
[WhiteTitle "GM"]
[WhiteElo "2650"]
[BlackElo "2166"]
[WhiteFideId "3901211"]
[BlackFideId "15003531"]
[EventDate "2013.03.09"]

1. d4 d6 2. Nf3 Nd7 3. c4 e5 4. Nc3 Be7 5. g3 Ngf6 6. Bg2 O-O 7. O-O Re8 8. e4
c6 9. h3 Qc7 10. Be3 Nf8 11. d5 c5 12. Ne1 Bd7 13. Nd3 Ng6 14. Qd2 Rad8 15. a4
a5 16. Nb5 Bxb5 17. cxb5 Ra8 18. b3 Bd8 19. Nb2 Qe7 20. Nc4 Nd7 21. h4 h6 22.
Bh3 Nf6 23. Qd3 Nf8 24. Bxc5 Nxe4 25. Qxe4 dxc5 26. d6 Qf6 27. Qxb7 Ng6 28. Qxa8 1-0

[Event "Karpos Open 2013"]
[Site "Skopje MKD"]
[Date "2013.03.09"]
[Round "1.7"]
[White "Safarli, Eltaj"]
[Black "Petkovski, Vlatko"]
[Result "1-0"]
[WhiteTitle "GM"]
[BlackTitle "FM"]
[WhiteElo "2638"]
[BlackElo "2158"]
[WhiteFideId "13402129"]
[BlackFideId "15000273"]
[EventDate "2013.03.09"]

1. e4 c5 2. Nf3 e6 3. Nc3 a6 4. g3 b5 5. Bg2 Bb7 6. d3 d6 7. O-O Nd7 8. Ng5 Ngf6
9. f4 h6 10. Nh3 b4 11. Ne2 Qb6 12. Nf2 Be7 13. b3 a5 14. a4 bxa3 15. Rxa3 O-O
16. g4 d5 17. g5 hxg5 18. fxg5 Nh7 19. h4 Ne5 20. exd5 Bxd5 21. Ra4 Bxg2 22.
Kxg2 Qc6+ 23. Ne4 c4 24. Bf4 cxb3 25. cxb3 Ng6 26. Bg3 f5 27. gxf6 Nxf6 28. Rc4
Qb7 29. Rc7 Qb6 30. Nxf6+ Bxf6 31. Rc4 Ne7 32. Nf4 Nf5 33. Bf2 Qb7+ 34. Kh3 Qd7
35. Ng6 Rfd8 36. d4 e5 37. Kh2 exd4 38. Qh5 Qd6+ 39. Kh3 Qe6 40. Qg4 Ra6 41. Nf4
Qd7 42. Nd3 Rb6 43. Rb1 Rb5 44. b4 Ne3 45. Qxd7 Rxd7 46. Rc8+ Kf7 47. Be1 Nc2
48. Rxc2 Re7 49. Bf2 axb4 50. Rxb4 Rxb4 51. Nxb4 Rb7 52. Nd5 Be5 53. Kg4 Ke6 54.
Nf4+ Kd6 55. Nd3 Bf6 56. Bg3+ Kd5 57. Kf5 Rb3 58. Rc5# 1-0

[Event "Karpos Open 2013"]
[Site "Skopje MKD"]
[Date "2013.03.09"]
[Round "1.9"]
[White "Sumets, Andrey"]
[Black "Krstevski, Vlatko"]
[Result "1-0"]
[WhiteTitle "GM"]
[WhiteElo "2620"]
[BlackElo "2154"]
[WhiteFideId "14105500"]
[BlackFideId "15001237"]
[EventDate "2013.03.09"]

1. d4 d5 2. c4 e6 3. Nf3 Nf6 4. g3 b6 5. Bg2 Bb7 6. cxd5 exd5 7. O-O Be7 8. Ne5
O-O 9. Nc3 Nbd7 10. Qa4 Nb8 11. Bf4 c6 12. Rfe1 b5 13. Qc2 Nbd7 14. e4 Nxe5 15.
dxe5 Nxe4 16. Nxe4 dxe4 17. Bxe4 h6 18. Rad1 Qa5 19. e6 fxe6 20. Qb3 Kh8 21.
Qxe6 Bf6 22. Qf5 1-0

[Event "Karpos Open 2013"]
[Site "Skopje MKD"]
[Date "2013.03.09"]
[Round "1.10"]
[White "Steil-Antoni, Fiona"]
[Black "Salgado Lopez, Ivan"]
[Result "1/2-1/2"]
[WhiteTitle "WIM"]
[BlackTitle "GM"]
[WhiteElo "2152"]
[BlackElo "2619"]
[WhiteFideId "4001249"]
[BlackFideId "2257327"]
[EventDate "2013.03.09"]

1. e4 e6 2. d4 d5 3. Nc3 Nf6 4. Bg5 Be7 5. e5 Nfd7 6. Bxe7 Qxe7 7. f4 O-O 8. Nf3
c5 9. Nb5 cxd4 10. Nfxd4 a6 11. Nd6 Nc6 12. c3 f6 13. Nxc6 bxc6 14. Nxc8 Raxc8
15. Bxa6 Rb8 16. O-O Rxb2 17. exf6 Qxf6 18. Rf3 Nc5 19. Bd3 Ra8 20. a4 Nxd3 21.
Qxd3 Qg6 22. Qxg6 hxg6 23. Rf2 Rb3 24. Rc2 Kf7 25. Kf2 c5 26. a5 Ra6 27. Ke3 Ke7
28. Kd3 Kd6 29. Rca2 Rb5 30. h4 Kd7 31. g4 Kd6 32. h5 Ke7 33. hxg6 Kf6 34. Ra3
Kxg6 35. c4 Rb4 36. Rc1 d4 37. Re1 Rb2 1/2-1/2

[Event "Karpos Open 2013"]
[Site "Skopje MKD"]
[Date "2013.03.09"]
[Round "1.11"]
[White "Perunovic, Milos"]
[Black "Atanasov, Radislav"]
[Result "1-0"]
[WhiteTitle "GM"]
[WhiteElo "2618"]
[BlackElo "2147"]
[WhiteFideId "921629"]
[BlackFideId "2901471"]
[EventDate "2013.03.09"]

1. e4 e5 2. Nf3 Nc6 3. Nc3 Nf6 4. Bb5 Bb4 5. O-O O-O 6. d3 d5 7. Bg5 Bxc3 8.
bxc3 dxe4 9. Bxc6 bxc6 10. Nxe5 Qd6 11. Nc4 Qc5 12. Bxf6 gxf6 13. Re1 Re8 14.
Re3 Kh8 15. Nd2 Qxc3 16. Nxe4 Qd4 17. c3 Qd8 18. Qh5 Be6 19. Qh6 Bf5 20. Nxf6
Rxe3 21. Nh5 Qf8 22. Qxe3 f6 23. Qf3 Bg6 24. Nf4 Qd6 25. Re1 Rb8 26. h3 Bf7 27.
g3 Bxa2 28. Nh5 Rb1 29. Rxb1 Bxb1 30. Qg4 Qf8 31. Qd1 Ba2 32. c4 Qf7 33. g4 Qe7
34. Qa1 Bb3 35. Qb2 1-0

[Event "Karpos Open 2013"]
[Site "Skopje MKD"]
[Date "2013.03.09"]
[Round "1.12"]
[White "Kacakovski, Dimitar"]
[Black "Parligras, Mircea-Emilian"]
[Result "0-1"]
[WhiteTitle "FM"]
[BlackTitle "GM"]
[WhiteElo "2138"]
[BlackElo "2616"]
[WhiteFideId "15000052"]
[BlackFideId "1204297"]
[EventDate "2013.03.09"]

1. e4 c5 2. Nf3 d6 3. d4 cxd4 4. Nxd4 Nf6 5. Nc3 a6 6. Bg5 e6 7. f4 Qc7 8. Bxf6
gxf6 9. Qd2 b5 10. Be2 h5 11. O-O-O Bb7 12. Kb1 Nd7 13. f5 e5 14. Nb3 Rc8 15. a3
h4 16. Rhf1 Ke7 17. Bxb5 Bh6 18. Qd3 axb5 19. Nxb5 Qb6 20. Nxd6 Rc7 21. Nb5 Nc5
22. Nxc5 Rxc5 23. Qd7+ Kf8 24. Nd6 Rc7 25. Qd8+ Kg7 26. Ne8+ Rxe8 27. Qxe8 Rxc2
28. b4 Bxe4 29. Ka1 Qe3 0-1

[Event "Karpos Open 2013"]
[Site "Skopje MKD"]
[Date "2013.03.09"]
[Round "1.13"]
[White "Rodshtein, Maxim"]
[Black "Stosevski, Ilija"]
[Result "1-0"]
[WhiteTitle "GM"]
[WhiteElo "2615"]
[BlackElo "2136"]
[WhiteFideId "2806851"]
[BlackFideId "15000761"]
[EventDate "2013.03.09"]

1. d4 g6 2. c4 Bg7 3. e4 Nc6 4. Be3 e5 5. Nf3 exd4 6. Nxd4 Nge7 7. Nc3 O-O 8.
Qd2 f5 9. O-O-O d6 10. h4 f4 11. Nxc6 fxe3 12. Nxe7+ Qxe7 13. Qxe3 Qf6 14. f3
Be6 15. h5 a5 16. hxg6 hxg6 17. Bd3 a4 18. a3 Ra5 19. Rd2 Rh5 20. Rxh5 gxh5 21.
Ne2 h4 22. f4 Bg4 23. e5 dxe5 24. Qe4 Qh6 25. fxe5 Bf5 26. Qxb7 Rd8 27. Kc2 Qe3
28. Nc1 Bh6 29. Qb4 c5 1-0

[Event "Karpos Open 2013"]
[Site "Skopje MKD"]
[Date "2013.03.09"]
[Round "1.14"]
[White "Yurtseven, Melih"]
[Black "Lupulescu, Constantin"]
[Result "0-1"]
[BlackTitle "GM"]
[WhiteElo "2135"]
[BlackElo "2614"]
[WhiteFideId "6312160"]
[BlackFideId "1207822"]
[EventDate "2013.03.09"]

1. d4 Nf6 2. Nf3 e6 3. Bf4 c5 4. e3 b6 5. Bd3 cxd4 6. exd4 Be7 7. Nbd2 Ba6 8.
Bxa6 Nxa6 9. Qe2 Nb4 10. O-O Nfd5 11. Be5 O-O 12. c4 Nf6 13. a3 Nc6 14. b4 d6
15. Bg3 Rc8 16. Rfd1 Nb8 17. Rac1 Nh5 18. Nb3 Rc7 19. d5 Nxg3 20. hxg3 e5 21. c5
dxc5 22. bxc5 Bxc5 23. Nxc5 bxc5 24. d6 Rc6 25. d7 f6 26. Qb5 a6 27. Qb3+ Kh8
28. Nh4 Nxd7 29. Qd5 Rc7 30. Rc4 g6 31. Rg4 Qe8 32. Qd2 Qf7 33. Qd6 Rfc8 34.
Qxa6 Nb8 35. Qb6 c4 36. Rd6 Nd7 37. Qa6 Nb8 38. Qb6 Nd7 39. Qa6 c3 40. Rxd7 c2
41. Rxf7 c1=Q+ 42. Kh2 Rxf7 43. Qe6 Qc7 44. Rb4 Kg7 45. Nf3 Qd7 46. Qb3 Qc6 47.
Rh4 Rcc7 48. a4 Qc5 49. Qb2 Qc1 50. Qb3 Qc5 51. Qb2 Rfd7 52. Qe2 Qc2 53. Qe3 Qc1
54. Qb6 Rd1 55. g4 Rh1+ 56. Kg3 Qf4# 0-1

[Event "Karpos Open 2013"]
[Site "Skopje MKD"]
[Date "2013.03.09"]
[Round "1.15"]
[White "Mastrovasilis, Dimitrios"]
[Black "Krstev, Emil"]
[Result "1-0"]
[WhiteTitle "GM"]
[WhiteElo "2614"]
[BlackElo "2126"]
[WhiteFideId "4202694"]
[BlackFideId "15000958"]
[EventDate "2013.03.09"]

1. e4 e6 2. d4 d5 3. Nc3 Nf6 4. Bg5 Bb4 5. e5 h6 6. Bd2 Bxc3 7. Bxc3 Ne4 8. Bb4
c5 9. Bxc5 Nxc5 10. dxc5 Qa5+ 11. Qd2 Qxc5 12. Nf3 b6 13. Bd3 Ba6 14. O-O O-O
15. Rac1 Rc8 16. Nd4 Qf8 17. Bb5 Qc5 18. Bd3 Kf8 19. Bxa6 Nxa6 20. c3 Kg8 21. f4
Nc7 22. f5 exf5 23. b4 Qe7 24. Nxf5 Qe6 25. Rce1 Re8 26. Nxg7 Kxg7 27. Rf6 Qg4
28. Qxh6+ Kg8 29. Re3 Re6 30. Rg3 Qxg3 31. hxg3 Rae8 32. Qg5+ Kf8 33. Qh5 Ke7
34. Qxf7+ Kd8 35. Rxe6 Rxe6 36. Qf5 Re7 37. g4 Nb5 38. g5 Nxc3 39. g6 Ne2+ 40.
Kf2 Nd4 41. Qf8+ Re8 42. g7 Ne6 43. Qd6+ Kc8 44. g8=Q 1-0

[Event "Karpos Open 2013"]
[Site "Skopje MKD"]
[Date "2013.03.09"]
[Round "1.16"]
[White "Stojanovski, Kiril"]
[Black "Markus, Robert"]
[Result "0-1"]
[BlackTitle "GM"]
[WhiteElo "2125"]
[BlackElo "2605"]
[WhiteFideId "15001555"]
[BlackFideId "921637"]
[EventDate "2013.03.09"]

1. Nf3 Nf6 2. b3 g6 3. Bb2 Bg7 4. g3 d6 5. d4 c5 6. d5 O-O 7. Bg2 b5 8. O-O Nbd7
9. Nfd2 Bb7 10. e4 Re8 11. Re1 Qc7 12. c4 b4 13. Qc2 e6 14. a4 exd5 15. cxd5
Bxd5 16. Nc4 Bxc4 17. Qxc4 d5 18. Qc2 c4 19. bxc4 dxc4 20. Nd2 Rac8 21. Bd4 Ng4
22. Bxg7 Kxg7 23. Nf3 Nde5 24. Nxe5 Nxe5 25. Red1 Red8 26. Rxd8 Rxd8 27. Rd1 b3 0-1

[Event "Karpos Open 2013"]
[Site "Skopje MKD"]
[Date "2013.03.09"]
[Round "1.17"]
[White "Kozul, Zdenko"]
[Black "Hristovski, Srdzan"]
[Result "1-0"]
[WhiteTitle "GM"]
[WhiteElo "2608"]
[BlackElo "2122"]
[WhiteFideId "14502879"]
[BlackFideId "15001148"]
[EventDate "2013.03.09"]

1. c4 e6 2. g3 d5 3. Bg2 Nf6 4. Nf3 c6 5. Qc2 Be7 6. O-O O-O 7. d3 Nbd7 8. Nc3
Re8 9. a3 Nb6 10. Rd1 Bf8 11. b4 h6 12. c5 Nbd7 13. e4 e5 14. d4 exd4 15. Nxd4
dxe4 16. Nf5 Re5 17. Ne3 Re8 18. Nc4 Qe7 19. Nd6 Rd8 20. Bb2 e3 21. Re1 Ng4 22.
f3 Ngf6 23. Rad1 Qe6 24. Qc1 Bxd6 25. Rxd6 Qf5 26. Qxe3 Re8 27. Qxe8+ Nxe8 28.
Rxe8+ Kh7 29. Ne4 a5 30. Bf1 Qxf3 31. Bd3 f5 32. Re7 Kg8 33. Rxg7+ Kf8 34. Nf2
f4 35. Rxh6 Ke8 36. Rh8+ Nf8 37. Rgg8 Qe3 38. Rxf8+ Ke7 39. Bf6+ Kd7 40. Rh7+ 1-0

[Event "Karpos Open 2013"]
[Site "Skopje MKD"]
[Date "2013.03.09"]
[Round "1.18"]
[White "Ilic, Slobodan S"]
[Black "Romanov, Evgeny"]
[Result "0-1"]
[BlackTitle "GM"]
[WhiteElo "2109"]
[BlackElo "2603"]
[WhiteFideId "912883"]
[BlackFideId "4148843"]
[EventDate "2013.03.09"]

1. c4 Nf6 2. Nc3 e5 3. Nf3 Nc6 4. g3 Nd4 5. Bg2 Nxf3+ 6. Bxf3 Bb4 7. Qb3 Bc5 8.
d3 h6 9. O-O O-O 10. Bd2 a6 11. Rac1 d6 12. a3 Ba7 13. Qc2 c6 14. b4 Bh3 15. Bg2
Qd7 16. Ne4 Ne8 17. Bc3 Bxg2 18. Kxg2 f5 19. Nd2 Nf6 20. c5 Rae8 21. cxd6 Qxd6
22. Kg1 Ng4 23. b5 Qg6 24. b6 Qh5 25. h4 Bb8 26. Qb3+ Kh7 27. Qc4 g5 28. Kg2
gxh4 29. Rh1 Nxf2 30. Qxh4 Qxh4 31. Rxh4 Ng4 32. Bb4 Rg8 33. Bc5 Rd8 34. Rc2 Bd6
35. Nb3 Rg7 36. Kf3 e4+ 37. dxe4 fxe4+ 38. Kg2 Bxg3 39. Rh3 Bf4 40. Bd4 Ne3+ 0-1

[Event "Karpos Open 2013"]
[Site "Skopje MKD"]
[Date "2013.03.09"]
[Round "1.20"]
[White "Vidic, Miha"]
[Black "Brkic, Ante"]
[Result "0-1"]
[BlackTitle "GM"]
[WhiteElo "2096"]
[BlackElo "2584"]
[WhiteFideId "14605775"]
[BlackFideId "14506688"]
[EventDate "2013.03.09"]

1. d4 Nf6 2. c4 b6 3. Nc3 Bb7 4. Nf3 d5 5. cxd5 Nxd5 6. Qc2 Nxc3 7. bxc3 g6 8.
e4 Bg7 9. Bb5+ Nd7 10. O-O O-O 11. Qe2 c5 12. Ba6 Bxa6 13. Qxa6 cxd4 14. cxd4
Nc5 15. Qe2 Bxd4 16. Nxd4 Qxd4 17. Bh6 Rfd8 18. Rae1 Rac8 19. h3 Rd6 20. Rd1
Qxe4 21. Qxe4 Nxe4 22. Rde1 Nd2 23. Bxd2 Rxd2 24. Rxe7 Rxa2 25. Rd1 Rcc2 26.
Rdd7 Rxf2 27. Rxa7 Rxg2+ 28. Kh1 Rh2+ 0-1

[Event "Karpos Open 2013"]
[Site "Skopje MKD"]
[Date "2013.03.09"]
[Round "1.21"]
[White "Yemelin, Vasily"]
[Black "Nisic, Miroslav"]
[Result "1-0"]
[WhiteTitle "GM"]
[WhiteElo "2574"]
[BlackElo "2079"]
[WhiteFideId "4113217"]
[BlackFideId "948578"]
[EventDate "2013.03.09"]

1. e4 e5 2. Nf3 Nc6 3. Bb5 a6 4. Ba4 Nf6 5. O-O b5 6. Bb3 Be7 7. d4 d6 8. c3 Bg4
9. Be3 O-O 10. Nbd2 Na5 11. Bc2 c5 12. d5 c4 13. h3 Bh5 14. Re1 Qc7 15. Nf1 Rfb8
16. Ng3 Bg6 17. Nh4 b4 18. Nhf5 Bf8 19. h4 h6 20. Ba4 bxc3 21. bxc3 Rb7 22. Bc1
Qc5 23. h5 Bh7 24. Qf3 Bxf5 25. Nxf5 1-0

[Event "Karpos Open 2013"]
[Site "Skopje MKD"]
[Date "2013.03.09"]
[Round "1.23"]
[White "Malakhatko, Vadim"]
[Black "Peczely, Sebastian Zsombor"]
[Result "0-1"]
[WhiteTitle "GM"]
[WhiteElo "2571"]
[BlackElo "2072"]
[WhiteFideId "14104202"]
[BlackFideId "750964"]
[EventDate "2013.03.09"]

1. c4 c5 2. g3 g6 3. Bg2 Bg7 4. Nc3 Nc6 5. a3 e6 6. Rb1 Nge7 7. b4 cxb4 8. axb4
O-O 9. b5 Ne5 10. Qb3 Nf5 11. Ba3 Re8 12. d3 d5 13. cxd5 Nd4 14. Qd1 exd5 15.
Kf1 Be6 16. Bb2 Rc8 17. Nh3 g5 18. Qa4 Ng4 19. Nd1 Nxe2 20. Bxg7 Bf5 21. Bf3
Bxd3 22. Kg2 Kxg7 23. Bxg4 Rc4 24. Qa1+ d4 25. Nb2 Be4+ 26. f3 Rc2 27. Nf2 Bg6
28. Nbd1 h5 29. Bh3 Qd5 30. Rb2 g4 31. Rxc2 Qxf3+ 32. Kf1 gxh3 33. Rc5 Qg2+ 0-1

[Event "Karpos Open 2013"]
[Site "Skopje MKD"]
[Date "2013.03.09"]
[Round "1.24"]
[White "Hadzi - Manev, Ljubomir"]
[Black "Nabaty, Tamir"]
[Result "0-1"]
[WhiteTitle "FM"]
[BlackTitle "GM"]
[WhiteElo "2071"]
[BlackElo "2566"]
[WhiteFideId "15000443"]
[BlackFideId "2809052"]
[EventDate "2013.03.09"]

1. b3 d5 2. e3 e5 3. Bb2 Nd7 4. c4 Ngf6 5. Ne2 dxc4 6. bxc4 Nc5 7. d4 Nce4 8.
Nbc3 exd4 9. Nxd4 Nxc3 10. Bxc3 Ne4 11. Qc2 Nxc3 12. Qxc3 Qf6 13. Rc1 b6 14. Be2
Bb7 15. O-O Bd6 16. Bf3 O-O-O 17. Qb3 Rhe8 18. Bxb7+ Kxb7 19. c5 Be5 20. c6+ Ka8
21. Qb5 Bxd4 22. Qa6 Rb8 23. Rc4 Bc3 24. Rc1 Ba5 25. Rd4 Re6 26. Qb5 Rd6 27.
Rcc4 Be1 28. f3 Rxd4 29. Rxd4 Qe6 30. Qe2 Ba5 31. Rc4 b5 32. Rc2 Bb6 33. Kf2 Re8 0-1

[Event "Karpos Open 2013"]
[Site "Skopje MKD"]
[Date "2013.03.09"]
[Round "1.25"]
[White "Golod, Vitali"]
[Black "Anastasovski, Nikola"]
[Result "1-0"]
[WhiteTitle "GM"]
[WhiteElo "2564"]
[BlackElo "2065"]
[WhiteFideId "2804140"]
[BlackFideId "2605503"]
[EventDate "2013.03.09"]

1. d4 f5 2. g3 e6 3. Bg2 Nf6 4. c4 Bb4+ 5. Bd2 Qe7 6. Nf3 O-O 7. O-O Bxd2 8.
Qxd2 Ne4 9. Qc2 Nc6 10. Nc3 Nxc3 11. Qxc3 Qf6 12. Rac1 d6 13. d5 Qxc3 14. Rxc3
Ne5 15. Nd4 g6 16. dxe6 c6 17. h3 c5 18. Nb5 Bxe6 19. Nc7 Bf7 20. Nxa8 Rxa8 21.
b3 Nc6 22. Rd1 Rd8 23. Rcd3 d5 24. Bxd5 Bxd5 25. Rxd5 Re8 26. Rxc5 Rxe2 27. Rd7
Re6 28. Rxb7 f4 29. gxf4 Ne7 30. Rxa7 Re1+ 31. Kg2 Kf7 32. Re5 Rxe5 33. fxe5 1-0

[Event "Karpos Open 2013"]
[Site "Skopje MKD"]
[Date "2013.03.09"]
[Round "1.26"]
[White "Orehek, Spela"]
[Black "Kuljasevic, Davorin"]
[Result "0-1"]
[BlackTitle "GM"]
[WhiteElo "2062"]
[BlackElo "2564"]
[WhiteFideId "14605872"]
[BlackFideId "14506661"]
[EventDate "2013.03.09"]

1. e4 e5 2. Nf3 Nc6 3. Bc4 Bc5 4. c3 Nf6 5. d3 d6 6. h3 a6 7. Bb3 Ba7 8. O-O O-O
9. Nbd2 h6 10. Re1 Re8 11. Nf1 Be6 12. Bc2 d5 13. exd5 Qxd5 14. Be3 Bxe3 15.
Rxe3 Qd6 16. Re1 Rad8 17. Ng3 Bd5 18. Nh4 Qf8 19. Qe2 g6 20. Rad1 Nh7 21. Qg4
Be6 22. Qf3 Ng5 23. Qe3 Bd5 24. Ne4 Qe7 25. Nxg5 Qxg5 26. Qxg5 hxg5 27. Nf3 Bxf3
28. gxf3 Kg7 29. Kg2 Rh8 30. Re4 Rh4 31. Bb3 f5 32. Rxh4 gxh4 33. Kf1 Kf6 34.
Ke2 Ne7 35. Rg1 g5 36. Ke3 Ng6 37. Rh1 Nf4 38. Bc2 Ng2+ 39. Ke2 Nf4+ 40. Ke3 c5
41. Bb1 b5 42. Bc2 a5 43. Bb1 b4 0-1

[Event "Karpos Open 2013"]
[Site "Skopje MKD"]
[Date "2013.03.09"]
[Round "1.27"]
[White "Kovacevic, Aleksandar"]
[Black "Ilic, Slobodan R"]
[Result "1-0"]
[WhiteTitle "GM"]
[WhiteElo "2563"]
[BlackElo "2052"]
[WhiteFideId "903124"]
[BlackFideId "941832"]
[EventDate "2013.03.09"]

1. e4 c5 2. Nf3 d6 3. d4 cxd4 4. Nxd4 Nf6 5. Nc3 g6 6. Be3 Bg7 7. f3 O-O 8. Qd2
Nc6 9. g4 Nxd4 10. Bxd4 a6 11. h4 Qa5 12. h5 d5 13. exd5 Rd8 14. hxg6 hxg6 15.
g5 Nh5 16. Bxg7 Kxg7 17. Qd4+ Kg8 18. Bc4 Bf5 19. O-O-O Rac8 20. Bb3 Qc5 21. Qe5
Qd6 22. Rde1 Qxe5 23. Rxe5 Ng3 24. Rg1 1-0

[Event "Karpos Open 2013"]
[Site "Skopje MKD"]
[Date "2013.03.09"]
[Round "1.28"]
[White "Bozinovic, Boban"]
[Black "Damljanovic, Branko"]
[Result "0-1"]
[WhiteTitle "CM"]
[BlackTitle "GM"]
[WhiteElo "2051"]
[BlackElo "2562"]
[WhiteFideId "929697"]
[BlackFideId "900125"]
[EventDate "2013.03.09"]

1. e4 c5 2. Nf3 d6 3. d4 cxd4 4. Qxd4 a6 5. Nc3 Nc6 6. Qd1 Nf6 7. Be2 e6 8. O-O
Be7 9. h3 b5 10. a3 Bb7 11. Re1 O-O 12. Bf4 Qc7 13. Qd2 Rfd8 14. Rad1 Ne5 15.
Qe3 Ng6 16. Bh2 e5 17. Bd3 Rac8 18. g4 Re8 19. Qd2 Qb8 20. Bg3 Bd8 21. Nh2 Ba5
22. b4 Bb6 23. Nf1 Qc7 24. Nb1 d5 25. exd5 Nxd5 26. Bf5 Rcd8 27. Qc1 Ndf4 28.
Kh2 h5 29. Rxd8 Rxd8 30. gxh5 Nxh5 31. Nbd2 Nxg3 32. fxg3 Qc3 33. Be4 Qd4 34.
Re3 Qxe3 35. Nxe3 Bxe3 36. Bd3 e4 37. Qe1 Bxd2 38. Qxd2 exd3 39. cxd3 Ne5 40.
Qf4 f6 41. Qc1 Rxd3 42. Qc7 Rd2+ 43. Kg1 Nf3+ 44. Kf1 Be4 0-1

[Event "Karpos Open 2013"]
[Site "Skopje MKD"]
[Date "2013.03.09"]
[Round "1.29"]
[White "Solodovnichenko, Yuri"]
[Black "Zemlicka, Vit"]
[Result "1-0"]
[WhiteTitle "GM"]
[WhiteElo "2559"]
[BlackElo "2043"]
[WhiteFideId "14104369"]
[BlackFideId "303143"]
[EventDate "2013.03.09"]

1. g3 Nf6 2. Bg2 d5 3. d3 e6 4. Nd2 Be7 5. Ngf3 c5 6. O-O Nc6 7. e4 O-O 8. Re1
Qc7 9. c3 dxe4 10. dxe4 Rd8 11. Qc2 Nd7 12. Nf1 Nde5 13. Nxe5 Nxe5 14. Bf4 Bd6
15. Rad1 Bd7 16. Ne3 Bc6 17. Rd2 Ng6 18. Bxd6 Rxd6 19. Rxd6 Qxd6 20. Rd1 Qc7 21.
Qd2 Re8 22. Nc4 Re7 23. Qd8+ Qxd8 24. Rxd8+ Re8 25. Rd2 b6 26. Rd6 Bb5 27. Na3
Ba6 28. Bf1 Bxf1 29. Kxf1 Kf8 30. Nb5 Ne5 31. b3 Ke7 32. f4 Nd7 33. Rc6 Ra8 34.
e5 f6 35. exf6+ gxf6 36. Nc7 Rc8 37. Nd5+ exd5 38. Rxc8 Kd6 39. Rh8 1-0

[Event "Karpos Open 2013"]
[Site "Skopje MKD"]
[Date "2013.03.09"]
[Round "1.31"]
[White "Jumabayev, Rinat"]
[Black "Manelidou, Maria"]
[Result "1-0"]
[WhiteTitle "GM"]
[WhiteElo "2554"]
[BlackElo "2029"]
[WhiteFideId "13702661"]
[BlackFideId "4212240"]
[EventDate "2013.03.09"]

1. d4 d5 2. c4 c6 3. Nf3 Nf6 4. e3 Bf5 5. Nc3 e6 6. Nh4 Bg4 7. Qb3 Qc7 8. h3 Bh5
9. g4 Bg6 10. Nxg6 hxg6 11. g5 Ng8 12. Bd2 Nd7 13. Rc1 Qb6 14. Bg2 Qxb3 15. axb3
Bb4 16. Ke2 Bxc3 17. bxc3 Ne7 18. cxd5 exd5 19. c4 dxc4 20. bxc4 Nf5 21. Ra1 a6
22. Rhb1 O-O-O 23. c5 Nf8 24. d5 cxd5 25. c6 bxc6 26. Rxa6 Kd7 27. Rb7+ Ke8 28.
Ba5 Rc8 29. Raa7 Ne6 30. f4 f6 31. Bb4 fxg5 32. Re7+ Nxe7 33. Rxe7+ Kd8 34. Rxe6
gxf4 35. Rxg6 Re8 36. Bc5 fxe3 37. Bb6+ Ke7 38. Bf3 Ra8 39. Bh5 Rh8 40. Bg4 Ra2+
41. Kxe3 Rxh3+ 42. Bxh3 Ra3+ 43. Kf4 Rxh3 44. Rxg7+ Kd6 45. Rg6+ Kd7 46. Bc5 Rh7
47. Rg2 Ke6 48. Re2+ Kd7 49. Kf5 Rf7+ 50. Ke5 Rf1 51. Bf2 Rb1 52. Ra2 Rb7 53.
Bc5 Kc7 54. Rf2 Kd7 55. Rf7+ Kc8 56. Rf8+ Kd7 57. Rh8 d4 58. Rh4 Kc8 59. Rh8+
Kd7 60. Rh3 Kc8 61. Kd6 Rd7+ 62. Kxc6 Rc7+ 63. Kd5 d3 64. Rxd3 Rh7 65. Bd6 Kb7
66. Rb3+ Ka6 67. Kc6 Rh5 68. Rb8 Rh7 69. Rb6+ Ka5 70. Rb5+ Ka6 71. Rb6+ Ka5 72.
Rb3 Rh4 73. Rg3 Rc4+ 74. Bc5 Rh4 75. Rf3 Rh6+ 76. Bd6 Rh4 77. Rf8 Ka4 78. Rb8
Rc4+ 79. Bc5 Rc2 80. Rb1 Rh2 81. Rb4+ Ka5 82. Rc4 Rb2 83. Bd4 Ra2 84. Bc3+ Ka6
85. Rh4 Ra3 86. Bb4 Rg3 87. Rh1 Rg6+ 88. Bd6 Rg5 89. Ra1+ Ra5 90. Rb1 Ra2 91.
Rb8 Ka7 92. Rb7+ Ka8 93. Bc5 Ra6+ 94. Bb6 Ra1 95. Rh7 Rc1+ 96. Bc5 1-0

[Event "Karpos Open 2013"]
[Site "Skopje MKD"]
[Date "2013.03.09"]
[Round "1.34"]
[White "Mihajlovski, Petre"]
[Black "Nevednichy, Vladislav"]
[Result "0-1"]
[BlackTitle "GM"]
[WhiteElo "2012"]
[BlackElo "2548"]
[WhiteFideId "15003051"]
[BlackFideId "1205730"]
[EventDate "2013.03.09"]

1. d4 Nf6 2. c4 g6 3. Nc3 Bg7 4. e4 d6 5. Nf3 O-O 6. g3 Nbd7 7. Bg2 e5 8. d5 Nc5
9. Qc2 a5 10. O-O Bd7 11. Be3 Ng4 12. Bxc5 dxc5 13. h3 Nh6 14. Rad1 f6 15. d6 c6
16. Nh2 f5 17. exf5 Nxf5 18. Ne4 Nd4 19. Qd3 Bf5 20. Nf3 Bxe4 21. Qxe4 Qxd6 22.
h4 a4 23. h5 gxh5 24. Nxd4 cxd4 25. Rd3 Qg6 26. Qe2 Qg5 27. Be4 h4 28. Kg2 Rf4
29. Kh3 Rf6 30. gxh4 Rh6 31. Qg4 Qxg4+ 32. Kxg4 Rf8 33. Rf3 Rxf3 34. Bxf3 Rg6+
35. Kf5 Rf6+ 36. Kg4 d3 37. Rd1 Rf4+ 38. Kg3 Rd4 39. Bg4 e4 40. Be6+ Kf8 41. Kf4
Ke7 42. Bf5 Rxc4 43. Bxe4 d2 44. Ke3 Bxb2 45. Bxh7 Rxh4 46. Be4 Bc1 47. f4 Kd6
48. Bf3 b5 49. f5 c5 50. Rf1 d1=Q+ 0-1